LAW OF LIE DETECTORS : NARCOANALYSIS, POLYGRAPHY, BRAINMAPPING, BRAIN FINGERPRINTING (Record no. 9760)
[ view plain ]
| 000 -LEADER | |
|---|---|
| fixed length control field | 00363nam a22001457a 4500 |
| 003 - CONTROL NUMBER IDENTIFIER | |
| control field | SGT |
| 082 ## - DEWEY DECIMAL CLASSIFICATION NUMBER | |
| Classification number | 364,QAZ |
| 100 ## - MAIN ENTRY--PERSONAL NAME | |
| Personal name | QAZALBASH,Y |
| 245 ## - TITLE STATEMENT | |
| Title | LAW OF LIE DETECTORS : NARCOANALYSIS, POLYGRAPHY, BRAINMAPPING, BRAIN FINGERPRINTING |
| 250 ## - EDITION STATEMENT | |
| Edition statement | 1ST |
| 260 ## - PUBLICATION, DISTRIBUTION, ETC. (IMPRINT) | |
| Place of publication, distribution, etc | NEW DELHI |
| Name of publisher, distributor, etc | UNIVERSAL BOOKS |
| Year of Publication | 2011 |
| 300 ## - PAGE DESCRIPTION | |
| No. of Pages | 290 |
| 650 ## - SUBJECT ADDED ENTRY--TOPICAL TERM | |
| Topical term or geographic name as entry element | CRIMINOLOGY |
| 942 ## - ADDED ENTRY ELEMENTS (KOHA) | |
| Source of classification or shelving scheme | Dewey Decimal Classification |
| Koha item type | Books |
| Withdrawn status | Lost status | Source of classification or shelving scheme | Damaged status | Not for loan | Collection code | Home library | Current library | Shelving location | Date acquired | Vendor Name | Cost, normal purchase price | SGTU | Bill Number | Full call number | Accession No. (Barcode) | Date last seen | Bill Date | Koha item type | Total Checkouts |
|---|---|---|---|---|---|---|---|---|---|---|---|---|---|---|---|---|---|---|---|
| Dewey Decimal Classification | Not For Loan | LAW | SGT Science & Social Sciences Library | SGT Science & Social Sciences Library | Reference Book | 02/08/2016 | JUPITER LAW HOUSE | 450.00 | SGTU | 856 | 364,QAZ | FL392 | 02/08/2016 | 31/10/2014 | Books | ||||
| Dewey Decimal Classification | LAW | SGT Science & Social Sciences Library | SGT Science & Social Sciences Library | Text Book | 02/08/2016 | JUPITER LAW HOUSE | 450.00 | SGTU | 856 | 364,QAZ | FL393 | 02/08/2016 | 31/10/2014 | Books |